Plan general de contabilidad (Record no. 9073)

000 -CABECERA
campo de control de longitud fija 00609nam#a2200241#c#4500
003 - IDENTIFICADOR DEL NÚMERO DE CONTROL
campo de control IEF
005 - FECHA Y HORA DE LA ÚLTIMA TRANSACCIÓN
campo de control 20180219150625.0
008 - CÓDIGOS DE INFORMACIÓN DE LONGITUD FIJA
campo de control de longitud fija 941205s1983 uuu####fr####| 0||u| |u
017 ## - NÚMERO DE COPYRIGHT O DE DEPÓSITO LEGAL
Número de copyright o de depósito legal B-34.753-1983
020 ## - NÚMERO INTERNACIONAL NORMALIZADO PARA LIBROS(ISBN)
Número Internacional Normalizado para Libros (ISBN) 843830026X
040 ## - FUENTE DE LA CATALOGACIÓN
Centro catalogador de origen IEF
245 ## - MENCIÓN DE TÍTULO
Título Plan general de contabilidad
250 ## - MENCIÓN DE EDICIÓN
Mención de edición 10ª ed. act. y ampl.
260 ## - PUBLICACIÓN, DISTRIBUCIÓN, ETC. (PIE DE IMPRENTA)
Lugar de publicación distribución etc. [Barcelona]
Nombre del editor distribuidor etc. Banca Mas Sardá
Fecha de publicación distribución etc. 1983
300 ## - DESCRIPCIÓN FÍSICA
Extensión 465 p.
Dimensiones 24 cm.
650 #4 - PUNTO DE ACCESO ADICIONAL DE MATERIA--TÉRMINO DE MATERIA
Término de materia o nombre geográfico como elemento inicial PLAN GENERAL DE CONTABILIDAD
9 (RLIN) 48018
650 #4 - PUNTO DE ACCESO ADICIONAL DE MATERIA--TÉRMINO DE MATERIA
Término de materia o nombre geográfico como elemento inicial EMPRESAS
9 (RLIN) 43504
650 #4 - PUNTO DE ACCESO ADICIONAL DE MATERIA--TÉRMINO DE MATERIA
Término de materia o nombre geográfico como elemento inicial CONTABILIDAD
9 (RLIN) 40740
650 #4 - PUNTO DE ACCESO ADICIONAL DE MATERIA--TÉRMINO DE MATERIA
Término de materia o nombre geográfico como elemento inicial ESPAÑA
9 (RLIN) 41092
942 ## - ELEMENTOS DE PUNTO DE ACCESO ADICIONAL (KOHA)
Tipo de ítem Koha Libros
942 ## - ELEMENTOS DE PUNTO DE ACCESO ADICIONAL (KOHA)
-- 34498
Holdings
Estado de retiro Estado de pérdida Estado dañado No para préstamo Localización permanente Fecha de adquisición Signatura topográfica completa Código de barras Fecha visto por última vez Precio válido a partir de Tipo de ítem Koha
      Disponible para préstamo IEF 1994-12-05 45869 45869 2018-02-19 2018-02-19 Libros

Powered by Koha